000
00210 a2200097 4500
001
7703
100
_a
Young,L
245
_a
Advances in control Microwave
260
_a
_b
Academic Press
_c
090
_c
6164
_d
6164
942
_a
NUST-CAE
_c
M
_c
32672
999
_c
242776
_d
242776